| 000 | 01109nam a22003011 4500 | ||
|---|---|---|---|
| 001 | 74771 | ||
| 003 | BD-RjUL | ||
| 005 | 20211209082610.0 | ||
| 008 | 181202s1932 nyuab b 000 0 eng | ||
| 035 | _a(BD-RjUL)74989 | ||
| 040 |
_aDLC/ICU _cICU _dDLC _dBD-RjUL _beng |
||
| 041 | 1 | _aengger | |
| 082 | 0 | 0 |
_a581.7 _bBRP 1932 _223 |
| 100 | 2 |
_aBraun-Blanquet, J. _q(Josias), _d1884- _9225517 |
|
| 245 | 1 | 0 |
_aPlant sociology : _bthe study of plant communities / _cAuthorized English translation of Pflanzensoziologie by J. Braun-Blanquet. Translated, rev. and ed. by George D. Fuller and Henry S. Conard. |
| 260 |
_aNew York : _bHafner Pub. Co., _c1932. |
||
| 300 |
_axviii, 439 p. _billus., maps. _c24 cm. |
||
| 500 | _aA reprint of the 1932 ed. | ||
| 504 | _aBibliography: p. 379-405. | ||
| 650 | 0 |
_aPlant ecology _9225521 |
|
| 650 | 0 |
_aPlant communities. _9225522 |
|
| 700 | 1 |
_aFuller, George D. _q(George Damon), _d1869- _9225525 |
|
| 700 | 1 |
_aConard, Henry Shoemaker, _d1874- _9225526 |
|
| 942 |
_2ddc _cBK |
||
| 999 |
_c74771 _d74771 |
||